00731nam a2200193 a 450000100060000000300090000600800410001502000150005604000280007108200170009910000380011624500230015426000470017730000080022450502530023265000140048565000140049965000240051321589CO-ViMGA141112s2004 ck r 000 u spa d a9588192633 aCO-ViMGAbspacCO-ViMGA04a364.168 H3751 aHernández Quintero, Hernando A.10aEl delito de usura aBogotá : bEdiciones jurídicas, c2004 a135 aAntecedentes de la usura en la legislación colombiana 23 - - El delito de usura en el nuevo código penal 40 - - Los altos costos del dinero 81 - - Perdida de los intereses cobrados en exceso 112 - - La usura en otras legislaciones penales 121 14aINTERESES14aPRESTAMOS14aUSURA - LEGISLACION